00649nam a22001815i 450000100060000000300090000600500170001500700030003200800410003504000200007610000370009624500680013326000770020130000270027885200210030599900170032695201240034354129ES-MaACL20240518063026.0t|960712s1870 fr ||||1| fre d aCAM bspa cCAM0 aFéval, Paul,d1816-188795064610aMaman Léo b: suite de l'Arme invisible / cpar Paul Féval. aParis : bE. Dentu, éditeur, c1870 (eSt. Amand : fImp. de Destenay) a[4], 400 p. ; c18 cm. aES-MaACLjC-2705 c54129d54129 001040708LIBXIXaATENEOMbATENEOMcSPALd2008-01-17eSCl0oC-2705p1056886r2023-02-23 00:00:00w2023-02-23yMONANT